[Event "WCh w Blitz Final"]
[Site "Moscow RUS"]
[Date "2010.09.17"]
[Round "15"]
[White "Muzychuk,A"]
[Black "Kosintseva,N"]
[Result "0-1"]
[WhiteElo "2535"]
[BlackElo "2565"]
[EventDate "2010.09.17"]

1. e4 c5 2. Nf3 Nc6 3. Bb5 g6 4. O-O Bg7 5. c3 Nf6 6. d4 cxd4 7. cxd4 a6 8.
Bxc6 dxc6 9. Nc3 O-O 10. h3 b5 11. Qe2 Bb7 12. Bf4 Rc8 13. Rac1 c5 14. d5
e6 15. dxe6 fxe6 16. Rfd1 Qa5 17. Bd6 Rfe8 18. Ne5 c4 19. a3 Qb6 20. Nf3
Bc6 21. Nd4 Ba8 22. e5 Nd5 23. Ne4 Nf4 24. Qg4 Bxe4 25. Qxf4 Bd3 26. h4 Qb7
27. h5 Qf7 28. Qxf7+ Kxf7 29. hxg6+ hxg6 30. Nf3 Bh6 31. Rc3 g5 32. Rcxd3
cxd3 33. Rxd3 Kg6 34. g3 Rc4 35. Kg2 g4 36. Nd4 Kf7 37. b3 Rc1 38. Ne2 Re1
39. Nc3 Rc8 40. a4 bxa4 41. Nxa4 Rcc1 0-1

[Event "WCh w Blitz Final"]
[Site "Moscow RUS"]
[Date "2010.09.17"]
[Round "15"]
[White "Gaponenko,I"]
[Black "Skripchenko,A"]
[Result "1/2-1/2"]
[WhiteElo "2469"]
[BlackElo "2464"]
[EventDate "2010.09.17"]

1. e4 d6 2. d4 Nf6 3. Nc3 g6 4. f4 Bg7 5. Nf3 O-O 6. e5 dxe5 7. dxe5 Qxd1+
8. Kxd1 Ng4 9. Ke1 c6 10. h3 Nh6 11. Kf2 Nd7 12. g4 f6 13. exf6 exf6 14.
Be3 Nb6 15. Rd1 Be6 16. Bc5 Rfe8 17. Nd4 Bf7 18. b3 Nd7 19. Ba3 Rad8 20.
Bg2 Nb6 21. Nde2 Be6 22. Rxd8 Rxd8 23. Rd1 Rxd1 1/2-1/2

[Event "WCh w Blitz Final"]
[Site "Moscow RUS"]
[Date "2010.09.17"]
[Round "15"]
[White "Sebag,M"]
[Black "Stefanova,A"]
[Result "0-1"]
[WhiteElo "2499"]
[BlackElo "2551"]
[EventDate "2010.09.17"]

1. e4 e5 2. Nf3 Nc6 3. Bb5 Nf6 4. d3 Bc5 5. c3 O-O 6. O-O d6 7. Nbd2 Bb6 8.
h3 Ne7 9. Re1 c6 10. Ba4 Ng6 11. Nf1 Nh5 12. Bg5 Qe8 13. Be3 Nhf4 14. d4
Qe7 15. Ng3 Qf6 16. Bc2 h6 17. Nf5 Re8 18. Kh2 Ne6 19. Qd2 Bc7 20. Kg1 d5
21. dxe5 Nxe5 22. Nxe5 Qxe5 23. f4 Nxf4 24. Bd4 Ne2+ 25. Rxe2 Qh2+ 26. Kf1
Bxf5 27. exf5 Qh1+ 28. Bg1 Rxe2 29. Kxe2 Qxg2+ 30. Kd1 Qxg1+ 31. Qe1 Qg2
32. Kc1 Qg5+ 33. Kb1 Bb6 34. a3 Qe3 35. Qf1 Re8 36. Ka2 Qd2 37. Bb3 Re2 38.
Rb1 Ba5 39. Qd1 Bxc3 40. Qxd2 Rxd2 41. a4 Be5 42. Ka3 Kf8 43. a5 b5 44. Kb4
Bd6+ 45. Kc3 Rf2 46. Kd3 Rf3+ 47. Kc2 Rxh3 48. Re1 Rf3 49. a6 Rxf5 50. Kb1
Rf2 51. Rc1 c5 52. Bxd5 c4 53. Bc6 Be5 54. Rd1 Rxb2+ 55. Kc1 Ra2 56. Rd8+
Ke7 57. Rd7+ Kf6 58. Rxa7 b4 59. Bd5 Ra1+ 60. Kd2 c3+ 61. Kc2 Bd4 62. Rxf7+
Ke5 63. Bc4 g5 64. Re7+ Kd6 65. Re6+ Kc5 66. Bb3 h5 67. Rg6 Be3 68. Rh6 Kd4
69. Rxh5 Rc1+ 0-1

[Event "WCh w Blitz Final"]
[Site "Moscow RUS"]
[Date "2010.09.17"]
[Round "15"]
[White "Muzychuk,M"]
[Black "Koneru,H"]
[Result "0-1"]
[WhiteElo "2464"]
[BlackElo "2593"]
[EventDate "2010.09.17"]

1. e4 c5 2. Nf3 e6 3. c4 a6 4. Nc3 b6 5. d4 cxd4 6. Nxd4 Bb7 7. Be3 Qc7 8.
f3 Nf6 9. Be2 Be7 10. Qd2 O-O 11. O-O d6 12. a4 Nbd7 13. a5 bxa5 14. Nb3
Rab8 15. Nxa5 Ba8 16. Rfd1 Rfd8 17. Bd4 h5 18. Bf2 Ne5 19. f4 Neg4 20. Bf3
Nxf2 21. Kxf2 d5 22. cxd5 exd5 23. e5 Ne4+ 24. Bxe4 dxe4 25. Qe2 Qb6+ 26.
Kf1 Qxb2 27. Qxb2 Rxb2 28. Rxd8+ Bxd8 29. Nc4 Rc2 30. Rxa6 Bb7 31. Ra3 Be7
32. Nd6 Bc6 33. Ke1 e3 34. Nf5 Bxa3 35. Nb1 0-1

[Event "WCh w Blitz Final"]
[Site "Moscow RUS"]
[Date "2010.09.17"]
[Round "15"]
[White "Gunina,V"]
[Black "Zhukova,N"]
[Result "1-0"]
[WhiteElo "2465"]
[BlackElo "2499"]
[EventDate "2010.09.17"]

1. d4 d5 2. c4 e6 3. Nc3 c5 4. cxd5 exd5 5. Nf3 Nc6 6. g3 c4 7. Bg2 Bb4 8.
O-O Nge7 9. e4 dxe4 10. Nxe4 O-O 11. a3 Ba5 12. Qa4 Bg4 13. Nc5 Bxf3 14.
Bxf3 Nxd4 15. Bxb7 Bb6 16. Qxc4 Rb8 17. Bf4 Bxc5 18. Bxb8 Qxb8 19. Qxc5
Ne2+ 20. Kg2 Qxb7+ 21. f3 Rc8 22. Qf2 Rc2 23. Kh1 Rxb2 24. Rae1 Qa6 25. Qe3
Nxg3+ 26. hxg3 Qg6 27. Rf2 Qh5+ 28. Kg2 Rb7 29. Qe4 Qb5 30. Rd1 g6 31. Rd8+
Kg7 32. Qd4+ f6 33. Qe4 Qc6 34. Qd4 Qe6 35. Qd3 Nc6 36. Rd6 Qc8 37. Rc2 Ne5
38. Rxc8 Nxd3 39. Rxd3 Rb2+ 40. Kh3 1-0

[Event "WCh w Blitz Final"]
[Site "Moscow RUS"]
[Date "2010.09.18"]
[Round "16"]
[White "Kosintseva,N"]
[Black "Zhukova,N"]
[Result "1/2-1/2"]
[WhiteElo "2565"]
[BlackElo "2499"]
[EventDate "2010.09.17"]

1. e4 Nf6 2. e5 Nd5 3. d4 d6 4. Nf3 g6 5. Bc4 Nb6 6. Bb3 Bg7 7. a4 dxe5 8.
a5 N6d7 9. Bxf7+ Kxf7 10. Ng5+ Kg8 11. Ne6 Qe8 12. Nxc7 Qd8 13. Nxa8 exd4
14. c3 Nc5 15. cxd4 Bxd4 16. O-O Nba6 17. Nd2 e5 18. Nb3 Bf5 19. Nxd4 exd4
20. b4 Ne6 21. Bb2 Qxa8 22. Bxd4 Nxd4 23. Qxd4 Kf7 24. b5 Nc7 25. b6 Ne6
26. Qe5 a6 27. Rad1 Rd8 28. h3 h5 29. Qe3 Qb8 30. Rfe1 Kf6 31. Qc3+ Kf7 32.
Qe3 Kf6 33. Qc3+ Kf7 34. Qb3 Qc8 35. Qe3 Qb8 36. Rc1 Qd6 37. Qc3 Qd4 38.
Qf3 Qd5 39. Qe3 Qd4 40. Qg3 Qd6 41. Qe3 Qd4 42. Qb3 Qd5 43. Qb2 Qd4 44. Qe2
Qd3 45. Qe5 Qd5 46. Qe3 Qd4 47. Qe2 1/2-1/2

[Event "WCh w Blitz Final"]
[Site "Moscow RUS"]
[Date "2010.09.18"]
[Round "16"]
[White "Gunina,V"]
[Black "Kosintseva,T"]
[Result "1-0"]
[WhiteElo "2465"]
[BlackElo "2573"]
[EventDate "2010.09.17"]

1. d4 Nf6 2. Nf3 d5 3. c4 e6 4. Nc3 Bb4 5. Bg5 Nbd7 6. e3 c5 7. cxd5 exd5
8. Bd3 Qa5 9. Qc2 c4 10. Bf5 O-O 11. O-O Re8 12. Nd2 g6 13. Bxd7 Nxd7 14.
Rae1 Nb6 15. f3 Bd7 16. Bh6 Bxc3 17. bxc3 Na4 18. Rc1 Bc6 19. e4 f6 20. g4
Re6 21. g5 fxg5 22. e5 Bd7 23. f4 Rb6 24. fxg5 Rb2 25. Qd1 Bf5 26. Rxf5
gxf5 27. Qf3 Nxc3 28. Qxf5 Qb6 29. Rf1 Qxd4+ 30. Kh1 Qc5 31. Qf7+ 1-0

[Event "WCh w Blitz Final"]
[Site "Moscow RUS"]
[Date "2010.09.18"]
[Round "16"]
[White "Muzychuk,M"]
[Black "Stefanova,A"]
[Result "0-1"]
[WhiteElo "2464"]
[BlackElo "2551"]
[EventDate "2010.09.17"]

1. e4 c6 2. d4 d5 3. Nc3 dxe4 4. Nxe4 Bf5 5. Ng3 Bg6 6. h4 h6 7. Nf3 Nd7 8.
h5 Bh7 9. Bd3 Bxd3 10. Qxd3 e6 11. Bd2 Ngf6 12. O-O-O Be7 13. Ne4 Qb6 14.
Ne5 Rd8 15. Nc4 Qc7 16. g3 b5 17. Ne3 Nxe4 18. Qxe4 Nf6 19. Qd3 Qb6 20. c3
c5 21. dxc5 Qxc5 22. Qc2 a5 23. f4 a4 24. a3 O-O 25. g4 Nd7 26. Qe4 Qb6 27.
Rhg1 Nc5 28. Qc2 Nb3+ 29. Kb1 Nxd2+ 30. Rxd2 Qxe3 31. Rdg2 Qxf4 32. Qe2 Qg5
33. Qe4 Rd5 34. Rf1 Rfd8 35. Ka2 Bf6 36. Rgf2 Qe5 37. Qf3 Rd3 38. Qb7 Qd5+
0-1

[Event "WCh w Blitz Final"]
[Site "Moscow RUS"]
[Date "2010.09.18"]
[Round "16"]
[White "Sebag,M"]
[Black "Paikidze,N"]
[Result "1/2-1/2"]
[WhiteElo "2499"]
[BlackElo "2376"]
[EventDate "2010.09.17"]

1. e4 c6 2. d4 d5 3. e5 Bf5 4. Nf3 e6 5. Be2 c5 6. Be3 cxd4 7. Nxd4 Ne7 8.
c4 Nbc6 9. Qa4 a6 10. Nc3 dxc4 11. O-O-O Qc8 12. Nxf5 Nxf5 13. Bb6 Bb4 14.
f4 O-O 15. Bf3 Nfe7 16. g4 Re8 17. Rhg1 Bxc3 18. bxc3 Ng6 19. Qxc4 a5 20.
Bxc6 Qxc6 21. Qxc6 bxc6 22. Be3 Ne7 23. c4 Rab8 24. Bc5 Nc8 25. Kc2 Nb6 26.
Bxb6 Rxb6 27. Rb1 Reb8 28. Rxb6 Rxb6 29. Rd1 Kf8 30. Rd6 Ke7 31. a3 a4 32.
c5 Rb3 33. Rxc6 Rxa3 34. Rc7+ Ke8 35. Ra7 Ra2+ 36. Kc3 Rxh2 37. c6 Kd8 38.
Rxf7 a3 39. Rxg7 a2 40. Ra7 Rf2 41. f5 exf5 42. c7+ Kc8 43. e6 fxg4 44. e7
Re2 45. Rxa2 Rxe7 46. Kd4 h5 47. Ra5 Rh7 48. Rg5 Kxc7 49. Ke5 Kd7 50. Kf6
Kd6 51. Kg6 Rh8 52. Kg7 Ra8 53. Rxh5 g3 54. Rg5 Ra3 55. Kg6 Ke6 56. Kh5 Kf6
57. Rg8 Kf5 58. Kh4 Kf4 59. Kh3 Kf3 60. Rf8+ Ke2 61. Kg2 Re3 62. Rg8
1/2-1/2

[Event "WCh w Blitz Final"]
[Site "Moscow RUS"]
[Date "2010.09.18"]
[Round "16"]
[White "Nebolsina,V"]
[Black "Krush,I"]
[Result "1-0"]
[WhiteElo "2360"]
[BlackElo "2490"]
[EventDate "2010.09.17"]

1. d4 d5 2. c4 dxc4 3. Nf3 Nf6 4. e3 e6 5. Bxc4 c5 6. O-O a6 7. Bb3 b5 8.
a4 b4 9. e4 Be7 10. e5 Nfd7 11. Nbd2 Bb7 12. Re1 O-O 13. Ne4 Nc6 14. Bg5
Nxd4 15. Nxd4 cxd4 16. Bxe7 Qxe7 17. Qxd4 Bxe4 18. Rxe4 Nc5 19. Re3 Nxb3
20. Rxb3 a5 21. Rg3 Rfd8 22. Qg4 g6 23. h4 Rd5 24. Re1 Rad8 25. h5 Qc5 26.
Qf4 Rd4 27. Qf6 Rd1 28. Rxd1 Rxd1+ 29. Kh2 Qc1 30. Rf3 Rd7 31. hxg6 hxg6
32. Rh3 1-0

[Event "WCh w Blitz Final"]
[Site "Moscow RUS"]
[Date "2010.09.18"]
[Round "16"]
[White "Gaponenko,I"]
[Black "Muzychuk,A"]
[Result "1-0"]
[WhiteElo "2469"]
[BlackElo "2535"]
[EventDate "2010.09.17"]

1. e4 d5 2. exd5 Nf6 3. c4 e6 4. dxe6 Bxe6 5. Be2 Qe7 6. Qb3 c5 7. Nf3 Nc6
8. O-O Qd7 9. Nc3 Be7 10. d3 O-O 11. Ne4 a6 12. Nxf6+ Bxf6 13. Be3 Nd4 14.
Bxd4 Bxd4 15. Nxd4 Qxd4 16. a4 Rab8 17. a5 Rfd8 18. Rfd1 h6 19. Bf3 Rd6 20.
Qc3 b5 21. axb6 Rbxb6 22. Qxd4 Rxd4 23. h3 Bf5 24. Bd5 Rxd3 25. Rxd3 Bxd3
26. Ra3 Bf5 27. Ra5 Rxb2 28. Rxa6 Rb8 29. Ra7 Be6 30. Bxe6 fxe6 31. Rc7
Rb1+ 32. Kh2 Rc1 33. Rxc5 Kf7 34. Rc7+ Kf6 35. Kg3 Rc3+ 36. f3 e5 37. Kf2
Rc2+ 38. Kg3 Rc3 39. c5 e4 40. c6 exf3 41. gxf3 g5 42. Rc8 h5 43. c7 Kg7
44. Kf2 g4 45. hxg4 hxg4 46. f4 Kh7 47. f5 Kg7 48. Kg2 g3 49. Kh3 Kh7 50.
f6 Rc6 51. f7 1-0

[Event "WCh w Blitz Final"]
[Site "Moscow RUS"]
[Date "2010.09.18"]
[Round "17"]
[White "Gaponenko,I"]
[Black "Kosintseva,N"]
[Result "0-1"]
[WhiteElo "2469"]
[BlackElo "2565"]
[EventDate "2010.09.17"]

1. e4 e5 2. Nf3 Nc6 3. Bb5 a6 4. Bxc6 dxc6 5. O-O Bd6 6. d4 exd4 7. Qxd4 f6
8. Nbd2 Be6 9. Nc4 Bxh2+ 10. Kxh2 Qxd4 11. Nxd4 Bxc4 12. Re1 O-O-O 13. Be3
Ne7 14. b3 Bf7 15. c4 c5 16. Nf5 Nxf5 17. exf5 b6 18. Rad1 Rxd1 19. Rxd1
Re8 20. g4 h5 21. gxh5 Bxh5 22. Rg1 Re7 23. Kg3 Be8 24. Kf4 Bc6 25. f3 Kd7
26. a3 Ke8 27. b4 cxb4 28. axb4 Bb7 29. Rd1 Bc8 30. Rg1 Kf7 31. Bd4 Rd7 32.
Be3 Re7 33. Bd4 c5 34. bxc5 bxc5 35. Bxc5 Re5 36. Be3 Rxf5+ 37. Kg3 Bb7 38.
f4 Ra5 39. Rb1 Be4 40. Rb6 Ra3 41. Kf2 Ra2+ 42. Ke1 Bd3 43. Bc5 Bxc4 44.
Rb7+ Kg6 45. Bf8 Bd5 46. Rxg7+ Kf5 47. Be7 a5 48. Bd6 a4 49. Ra7 Ke4 50.
Kd1 f5 51. Be5 Bb3+ 52. Kc1 a3 53. Bd6 Rc2+ 54. Kb1 a2+ 55. Ka1 Rc1+ 56.
Kb2 Rb1+ 57. Kc3 a1=Q+ 58. Rxa1 Rxa1 59. Kxb3 Rf1 60. Kc3 Rxf4 61. Kd2 Rf2+
62. Ke1 Ra2 63. Kf1 Kf3 64. Ke1 f4 65. Bc7 Ke4 66. Kf1 Rb2 67. Bd6 Rc2 68.
Bb8 Kf3 69. Ke1 Kg3 70. Kf1 Rf2+ 71. Kg1 Rb2 0-1

[Event "WCh w Blitz Final"]
[Site "Moscow RUS"]
[Date "2010.09.18"]
[Round "17"]
[White "Skripchenko,A"]
[Black "Nebolsina,V"]
[Result "1-0"]
[WhiteElo "2464"]
[BlackElo "2360"]
[EventDate "2010.09.17"]

1. e4 e5 2. Nf3 Nf6 3. Nxe5 d6 4. Nf3 Nxe4 5. d4 d5 6. Bd3 Be7 7. O-O Nc6
8. Nc3 Nxc3 9. bxc3 Bg4 10. Re1 O-O 11. Bf4 Bd6 12. Bxd6 Qxd6 13. Bxh7+ Kh8
14. Bd3 Rae8 15. Rxe8 Rxe8 16. h3 Bh5 17. Rb1 b6 18. Bb5 Re6 19. Qd3 Bg6
20. Qd2 Be4 21. Ng5 Rg6 22. Nxf7+ 1-0

[Event "WCh w Blitz Final"]
[Site "Moscow RUS"]
[Date "2010.09.18"]
[Round "17"]
[White "Krush,I"]
[Black "Sebag,M"]
[Result "1-0"]
[WhiteElo "2490"]
[BlackElo "2499"]
[EventDate "2010.09.17"]

1. d4 d5 2. c4 c6 3. Nf3 Nf6 4. Nc3 dxc4 5. a4 Bf5 6. Ne5 Nbd7 7. Nxc4 Nb6
8. Ne5 a5 9. e3 g6 10. g4 Be6 11. e4 Nbd7 12. Nxd7 Qxd7 13. g5 Nh5 14. d5
Bg4 15. f3 Bh3 16. dxc6 bxc6 17. Qxd7+ Bxd7 18. Bc4 Bg7 19. Be3 O-O 20.
O-O-O Be6 21. Bxe6 fxe6 22. Rhf1 Rf7 23. Ne2 Rb8 24. Rd2 Rb4 25. Nd4 Rxa4
26. Kb1 Bxd4 27. Bxd4 Rf8 28. b3 Rb4 29. Kc2 a4 30. bxa4 Rxa4 31. Bc3 Rxe4
32. fxe4 Rxf1 33. Rd7 Rf7 34. Rc7 Nf4 35. Rxc6 h6 36. Rc8+ Rf8 37. Rxf8+
Kxf8 38. gxh6 Kg8 39. Kd2 Kh7 40. Bg7 g5 41. Ke3 Ng6 42. Kd4 Nh4 43. Ke5
Nf3+ 44. Kxe6 Nxh2 45. Kxe7 g4 46. Be5 Nf3 47. Bf4 Nd4 48. e5 Nf5+ 49. Kf6
Nxh6 50. Bxh6 Kxh6 51. e6 1-0

[Event "WCh w Blitz Final"]
[Site "Moscow RUS"]
[Date "2010.09.18"]
[Round "17"]
[White "Paikidze,N"]
[Black "Muzychuk,M"]
[Result "1-0"]
[WhiteElo "2376"]
[BlackElo "2464"]
[EventDate "2010.09.17"]

1. d4 Nf6 2. c4 e6 3. Nc3 Bb4 4. e3 O-O 5. Bd3 d5 6. Nge2 dxc4 7. Bxc4 c5
8. O-O cxd4 9. exd4 Nc6 10. a3 Be7 11. Qd3 b6 12. Rd1 Bb7 13. Qh3 Nd5 14.
Ba2 g6 15. Nxd5 exd5 16. Nc3 Na5 17. Qf3 Bf6 18. Bh6 Bg7 19. Bxg7 Kxg7 20.
Bxd5 Bxd5 21. Nxd5 Qd6 22. Rac1 Rac8 23. Nc3 Nb3 24. Nb5 Rxc1 25. Nxd6 Nxd4
26. Qd3 Rxd1+ 27. Qxd1 Ne6 28. Qc2 Rd8 29. Ne4 Nd4 30. Qb1 Ne2+ 31. Kf1 Nf4
32. g3 Ne6 33. Nc3 Rd2 34. Qc1 Rd3 35. Qc2 Rd6 36. Kg2 Rd4 37. Ne2 Rd6 38.
Qc3+ Kg8 39. h4 h5 40. b4 Rd1 41. Qc8+ Kg7 42. Qb7 Rd2 43. Nf4 Nd4 44. Qxa7
b5 45. Qc5 Rd1 46. Qe5+ Kg8 47. Nd5 Rd2 48. Nf6+ Kf8 49. Ne4 Rd1 50. Qh8+
Ke7 51. Nc3 Rd3 52. Qe5+ Kf8 53. Nxb5 Nf5 54. Nc7 Rxa3 55. b5 Rb3 56. Qc5+
Kg7 57. b6 Rb2 58. Qc3+ 1-0

[Event "WCh w Blitz Final"]
[Site "Moscow RUS"]
[Date "2010.09.18"]
[Round "17"]
[White "Stefanova,A"]
[Black "Lahno,Kateri"]
[Result "0-1"]
[WhiteElo "2551"]
[BlackElo "2539"]
[EventDate "2010.09.17"]

1. d4 g6 2. e4 d6 3. f4 Nf6 4. Nc3 Bg7 5. Nf3 O-O 6. Be3 b6 7. e5 Ng4 8.
Bg1 c5 9. dxc5 bxc5 10. h3 Nh6 11. Bc4 Nc6 12. Qe2 Nf5 13. Bf2 dxe5 14. Bd5
Ncd4 15. Qd3 Rb8 16. fxe5 Rxb2 17. O-O Nxc2 18. Rad1 Nfd4 19. Nxd4 cxd4 20.
Bxd4 Nxd4 21. Qxd4 e6 22. Bb3 Qxd4+ 23. Rxd4 Bxe5 24. Rc4 Ba6 0-1

[Event "WCh w Blitz Final"]
[Site "Moscow RUS"]
[Date "2010.09.18"]
[Round "17"]
[White "Koneru,H"]
[Black "Gunina,V"]
[Result "0-1"]
[WhiteElo "2593"]
[BlackElo "2465"]
[EventDate "2010.09.17"]

1. d4 d5 2. c4 c6 3. Nf3 Nf6 4. e3 Bf5 5. Nc3 e6 6. Nh4 Bg6 7. Qb3 Qc7 8.
Nxg6 hxg6 9. Bd2 Nbd7 10. cxd5 exd5 11. O-O-O Be7 12. f3 a5 13. Qc2 Rxh2
14. Rxh2 Qxh2 15. e4 dxe4 16. fxe4 Nb6 17. Kb1 Qc7 18. Be3 Rd8 19. Be2 Bb4
20. Bf3 Nc4 21. Bf2 b5 22. e5 Nd5 23. Bxd5 cxd5 24. Nxb5 Qb7 25. a4 Rc8 26.
Qe2 Qd7 27. Qd3 Qg4 28. g3 Qf5 29. Qxf5 gxf5 30. Be1 Bxe1 31. Rxe1 Ke7 32.
Re2 Rh8 33. b3 Rh1+ 34. Ka2 Nb6 35. Rc2 Rg1 36. Rc7+ Nd7 37. Na7 f6 38.
Nc6+ Ke6 39. Nd8+ Ke7 40. Nb7 Ke6 41. Rc6+ Ke7 42. e6 Nf8 43. Nc5 Rxg3 44.
Rc7+ Ke8 45. Rc8+ Ke7 46. Rc7+ Ke8 47. b4 axb4 48. a5 Ra3+ 49. Kb2 Rxa5 50.
Nb7 Ra6 51. Nc5 Rxe6 52. Rc8+ Ke7 53. Rxf8 Re2+ 54. Kb3 Kxf8 0-1

[Event "WCh w Blitz Final"]
[Site "Moscow RUS"]
[Date "2010.09.18"]
[Round "17"]
[White "Kosintseva,T"]
[Black "Zhukova,N"]
[Result "1-0"]
[WhiteElo "2573"]
[BlackElo "2499"]
[EventDate "2010.09.17"]

1. e4 Nf6 2. e5 Nd5 3. d4 d6 4. Nf3 dxe5 5. Nxe5 g6 6. Bc4 c6 7. O-O Bg7 8.
Re1 O-O 9. Bb3 Be6 10. Nd2 Nd7 11. Nef3 Nc7 12. Bxe6 Nxe6 13. c3 Nc7 14.
Qb3 b5 15. Ne4 a5 16. a3 h6 17. h3 Nd5 18. a4 b4 19. c4 N5f6 20. Ng3 e6 21.
Bf4 Re8 22. Rad1 Qc8 23. Qe3 Kh7 24. Ne5 Rf8 25. b3 Ng8 26. Ne4 Ne7 27. Nd6
Nf5 28. Nxf5 exf5 29. Qf3 Ra6 30. c5 Nf6 31. Nc4 Nd5 32. Be5 Ra7 33. Bxg7
Kxg7 34. Re5 Re7 35. Rde1 Rfe8 36. Nd6 Rxe5 37. dxe5 Qe6 38. Nxe8+ Qxe8 39.
Qd3 Qe6 40. Qd4 g5 41. f3 Nf4 42. Re3 Qxb3 43. e6+ Kg6 44. Rxb3 Ne2+ 45.
Kf2 Nxd4 46. e7 Nxb3 47. e8=Q 1-0

[Event "WCh w Blitz Final"]
[Site "Moscow RUS"]
[Date "2010.09.18"]
[Round "18"]
[White "Kosintseva,N"]
[Black "Kosintseva,T"]
[Result "1-0"]
[WhiteElo "2565"]
[BlackElo "2573"]
[EventDate "2010.09.17"]

1. e4 e5 2. Nf3 Nc6 3. Bc4 Bc5 4. b4 Bb6 5. c3 Nf6 6. d3 h6 7. a4 a6 8. a5
Ba7 9. O-O O-O 10. Qb3 d6 11. h3 Ne7 12. Be3 Ng6 13. Nbd2 Nh5 14. d4 Qf6
15. Rfe1 Nhf4 16. Bf1 c6 17. Kh2 Kh8 18. g3 Ne6 19. d5 Nc7 20. c4 Bxe3 21.
Qxe3 cxd5 22. cxd5 Bd7 23. Nc4 Nb5 24. Nb6 Rad8 25. Nxd7 Rxd7 26. Bxb5 axb5
27. Kg2 Qd8 28. Qd3 Rc7 29. Rac1 Rxc1 30. Rxc1 Qd7 31. Qc2 f5 32. Qc7 Rf7
33. Qxd7 Rxd7 34. exf5 Ne7 35. Nh4 Kg8 36. Ng6 Nxf5 37. g4 Nd4 38. h4 Kf7
39. h5 Kf6 40. f3 Kg5 41. Rc8 Rf7 42. Rd8 Nxf3 43. Rxd6 Ne1+ 44. Kg3 Rf3+
45. Kh2 Rb3 46. Rb6 Rxb4 47. Rxb7 Nf3+ 48. Kg3 Rb3 49. Kf2 e4 50. d6 Rd3
51. d7 Kxg4 52. a6 e3+ 53. Ke2 Rd2+ 54. Kxe3 Rd6 55. a7 Nd4 56. a8=Q Nf5+
57. Ke2 Ng3+ 58. Ke1 1-0

[Event "WCh w Blitz Final"]
[Site "Moscow RUS"]
[Date "2010.09.18"]
[Round "18"]
[White "Zhukova,N"]
[Black "Koneru,H"]
[Result "1-0"]
[WhiteElo "2499"]
[BlackElo "2593"]
[EventDate "2010.09.17"]

1. d4 d5 2. c4 e6 3. Nc3 Bb4 4. Nf3 Nf6 5. e3 O-O 6. Bd3 c5 7. O-O Nc6 8.
a3 Bxc3 9. bxc3 dxc4 10. Bxc4 Qc7 11. Bb2 e5 12. h3 Bf5 13. Qe2 Rad8 14.
Bb5 e4 15. Nd2 Ne7 16. c4 cxd4 17. exd4 Ng6 18. d5 a6 19. Ba4 b5 20. Bxf6
gxf6 21. cxb5 axb5 22. Bxb5 Rxd5 23. Bc4 Rxd2 24. Bxf7+ Rxf7 25. Qxd2 Ne5
26. Rfc1 Qe7 27. Qf4 Qe6 28. Rc5 Nd3 29. Qxf5 Nxc5 30. Qxc5 Rg7 31. Rb1 h6
32. Rb8+ Kh7 33. Qf8 e3 34. Qh8+ Kg6 35. Qe8+ Qxe8 36. Rxe8 exf2+ 37. Kxf2
Ra7 38. Re3 Ra4 39. Ke2 f5 40. Kd2 f4 41. Rf3 Kg5 42. Kc2 Re4 43. g3 fxg3
44. Rxg3+ Kh4 45. Rd3 Re2+ 46. Kb3 h5 47. a4 Re1 1-0

[Event "WCh w Blitz Final"]
[Site "Moscow RUS"]
[Date "2010.09.18"]
[Round "18"]
[White "Lahno,Kateri"]
[Black "Paikidze,N"]
[Result "1/2-1/2"]
[WhiteElo "2539"]
[BlackElo "2376"]
[EventDate "2010.09.17"]

1. e4 c6 2. c4 d5 3. exd5 cxd5 4. cxd5 Nf6 5. Nc3 g6 6. Bc4 Bg7 7. Nf3 Nbd7
8. d3 O-O 9. O-O a6 10. a4 b6 11. h3 Bb7 12. Be3 b5 13. axb5 axb5 14. Rxa8
Bxa8 15. Bxb5 Nxd5 16. Nxd5 Bxd5 17. d4 Nb6 18. Ne5 Qd6 19. Qe2 Rc8 20. Rc1
Rxc1+ 21. Bxc1 Qb4 22. Be3 h5 23. Ba6 Qd6 24. Nd3 Nc4 25. Nc5 Nxe3 26. fxe3
e5 27. e4 Bc6 28. Nb3 exd4 29. Bd3 Qf4 30. Nd2 Bh6 31. Nf3 Qc1+ 32. Kh2
Bf4+ 33. g3 Be3 34. b4 Ba4 35. Kg2 Bd1 36. Qa2 Bxf3+ 37. Kxf3 Qd1+ 38. Qe2
Qh1+ 39. Qg2 Qd1+ 40. Qe2 Qh1+ 41. Qg2 Qd1+ 42. Qe2 Qh1+ 43. Qg2 1/2-1/2

[Event "WCh w Blitz Final"]
[Site "Moscow RUS"]
[Date "2010.09.18"]
[Round "18"]
[White "Muzychuk,M"]
[Black "Krush,I"]
[Result "1-0"]
[WhiteElo "2464"]
[BlackElo "2490"]
[EventDate "2010.09.17"]

1. d4 d5 2. c4 dxc4 3. Nf3 Nf6 4. e3 e6 5. Bxc4 c5 6. O-O a6 7. a4 Nc6 8.
Nc3 cxd4 9. exd4 Be7 10. Bg5 O-O 11. Qd2 Nb4 12. Ne5 Bd7 13. Rad1 Bc6 14.
Nxc6 bxc6 15. Bxf6 Bxf6 16. Ne4 Be7 17. b3 a5 18. Rfe1 Qb6 19. Re3 Rfd8 20.
Rg3 g6 21. Rh3 Nd5 22. Qh6 Nf6 23. Nxf6+ Bxf6 24. Qxh7+ Kf8 25. Bxe6 fxe6
26. Rf3 Ra7 27. Rxf6+ Ke8 28. Rxe6+ Kf8 29. Qh8+ Kf7 30. Rf6+ Ke7 31. Qg7+
Ke8 32. Rf8+ 1-0

[Event "WCh w Blitz Final"]
[Site "Moscow RUS"]
[Date "2010.09.18"]
[Round "18"]
[White "Sebag,M"]
[Black "Skripchenko,A"]
[Result "1-0"]
[WhiteElo "2499"]
[BlackElo "2464"]
[EventDate "2010.09.17"]

1. e4 d6 2. d4 Nf6 3. Nc3 g6 4. Be3 c6 5. Qd2 b5 6. Bd3 Nbd7 7. h3 e5 8.
Nf3 a6 9. O-O Bb7 10. a4 Bg7 11. Ne2 O-O 12. c3 exd4 13. cxd4 c5 14. Ng3
cxd4 15. Nxd4 bxa4 16. Bh6 Nc5 17. Bxg7 Kxg7 18. Rfe1 Nb3 19. Nxb3 axb3 20.
Ra3 Qb6 21. Nf5+ Kh8 22. Qc3 Qd8 23. Rxb3 Rb8 24. Ne3 Kg8 25. Qd4 Re8 26.
f3 Qe7 27. Rb6 Red8 28. Bxa6 Bxa6 29. Rxa6 Nh5 30. Ng4 f6 31. Ra7 Qe6 32.
Nh6+ Kh8 33. Nf7+ Kg8 34. Nxd8 Rxd8 35. Rd1 Nf4 36. Qd2 Qe5 37. Ra5 d5 38.
g3 Nxh3+ 39. Kg2 Rb8 40. Qxd5+ Qxd5 41. Raxd5 Ng5 42. Rd8+ 1-0

[Event "WCh w Blitz Final"]
[Site "Moscow RUS"]
[Date "2010.09.18"]
[Round "18"]
[White "Nebolsina,V"]
[Black "Muzychuk,A"]
[Result "1/2-1/2"]
[WhiteElo "2360"]
[BlackElo "2535"]
[EventDate "2010.09.17"]

1. d4 f5 2. c4 Nf6 3. Nc3 d6 4. Qc2 g6 5. h4 Nc6 6. Nf3 e5 7. dxe5 dxe5 8.
Bg5 Bb4 9. e3 h6 10. Bxf6 Qxf6 11. O-O-O Bxc3 12. Qxc3 Be6 13. c5 a6 14.
Bc4 O-O 15. Kb1 Rad8 16. Qb3 Bxc4 17. Qxc4+ Qf7 18. Qxf7+ Kxf7 19. Kc2 Ke6
20. Kc3 Rxd1 21. Rxd1 Rd8 22. Rxd8 Nxd8 23. Nd2 Kd5 24. b4 a5 25. a3 axb4+
26. axb4 Nc6 27. f3 e4 28. f4 b5 29. cxb6 cxb6 30. b5 Na5 31. Kb4 Ke6 32.
Nb1 Nb7 33. Na3 Nd6 34. Nc2 Kd5 35. Na3 Ke6 36. Nc2 Kd5 37. Na3 Ke6 38. Nc2
1/2-1/2

[Event "WCh w Blitz Final"]
[Site "Moscow RUS"]
[Date "2010.09.18"]
[Round "19"]
[White "Gaponenko,I"]
[Black "Nebolsina,V"]
[Result "1-0"]
[WhiteElo "2469"]
[BlackElo "2360"]
[EventDate "2010.09.17"]

1. e4 e5 2. Nf3 Nf6 3. Nxe5 d6 4. Nf3 Nxe4 5. d4 d5 6. Bd3 Be7 7. O-O Nc6
8. c4 Nb4 9. cxd5 Nxd3 10. Qxd3 Qxd5 11. Re1 Bf5 12. Nc3 Nxc3 13. Qxc3 Be6
14. Re5 Qd7 15. d5 Bg4 16. Rxe7+ Kxe7 17. Qxg7 Qxd5 18. Bg5+ Kd7 19. Ne5+
Kd6 20. Nxf7+ Kc6 21. Nxh8 Rg8 22. Qc3+ Kd7 23. h4 h6 24. Bf4 c6 25. Bg3
Kc8 26. Re1 Qd8 27. Nf7 Qd7 28. Nd6+ Kd8 29. Qf6+ Kc7 30. Nc4+ Kc8 31. Nd6+
Kc7 32. Nf7+ Kc8 33. Nxh6 Qd2 34. Qe5 Rg7 35. Nxg4 1-0